• 首页
  • 本馆介绍
  • 公告通知
  • 最新文献
  • 馆藏检索
  • 电子资源
  • 读者导购
  • 参考咨询
  • 我的图书馆
  • 登录
  • 详细信息显示
  • 放入我的书架
  • 预约/预借图书
  • 作者相关作品
  • 分类相关作品
  • 丛书相关作品
  • 出版社相关作品

书目信息

  • 表格格式
  • 工作单格式
  • 卡片格式
题名:
流动的共同体
    
 
作者: 张领 著
分册:  
出版信息: 北京   中国社会科学出版社  2015
页数: 271页
开本: 24cm
丛书名:
单 册:
中图分类: F323.6
科图分类:
主题词: 民工--min gong--研究--中国
电子资源:
ISBN: 978-7-5161-6636-9
000 01178nam0 22002411 450
001 0124140153
005 20170324140153.0
010    @a978-7-5161-6636-9@dCNY66.00
100    @a20151125d2015 kemy0chiy50 ea
101 0  @achi
102    @aCN@b110000
105    @ay v 000yy
106    @ar
200 1  @a流动的共同体@9liu dong de gong tong ti@e农民工与一个村庄的变迁@f张领著
210    @a北京@c中国社会科学出版社@d2015
215    @a271页@d24cm
330    @a本书通过访谈法对一个样本做长期的观察收集的素材进行理论思考,探讨了农民工流动的“共同体”特征,农民工城市中发生的变化及其体现出来的代际差异,农民工的变化与农村传统的延续、农村发展之间的关系等问题。在研究中,尝试思想和学术的结合,通过突然出现在城市中的农民的日常生活来反映现代和传统的冲突以及农民对现代性的适应与整合,反思了马克思、韦伯等提出的现代化的经典理论问题,并抽象出凝聚力强的村庄现代化(后发外生性现代化)的一种理论模型——“流动的共同体”。
517 1  @a农民工与一个村庄的变迁@9nong min gong yu yi ge cun zhuang de bian qian
606 0  @a民工@9min gong@x研究@y中国
690    @aF323.6@v5
701  0 @a张领@9zhang ling@f(1980~)@4著
801  0 @aCN@bTANGWEI@c20170308
905    @b0961949-51@dF323.6@e175@f3
    
    流动的共同体:农民工与一个村庄的变迁/张领著.-北京:中国社会科学出版社,2015
    271页;24cm
    
    
    ISBN 978-7-5161-6636-9:CNY66.00
    本书通过访谈法对一个样本做长期的观察收集的素材进行理论思考,探讨了农民工流动的“共同体”特征,农民工城市中发生的变化及其体现出来的代际差异,农民工的变化与农村传统的延续、农村发展之间的关系等问题。在研究中,尝试思想和学术的结合,通过突然出现在城市中的农民的日常生活来反映现代和传统的冲突以及农民对现代性的适应与整合,反思了马克思、韦伯等提出的现代化的经典理论问题,并抽象出凝聚力强的村庄现代化(后发外生性现代化)的一种理论模型——“流动的共同体”。
●
相关链接 在E读中查询图书 在五车中查询图书 在当当中查询图书 在豆瓣中查询图书


正题名:流动的共同体     索取号:F323.6/175         预约/预借

序号 登录号 条形码 馆藏地/架位号 状态 备注
1 0961949   209619493   第一样本阅览室/ [索取号:F323.6/175] 在馆    
2 0961950   209619509   第一借阅区/ [索取号:F323.6/175] 在馆    
3 0961951   209619518   密集书库-海洋学院/ [索取号:F323.6/175] 在馆    
唐山师范学院图书馆 欢迎您!
大连网信软件有限公司© 版权所有